|
|
|
|
| LEADER |
00000nam0a2200000 4500 |
| 001 |
271607 |
| 005 |
20231101234443.0 |
| 035 |
|
|
|a (RuTPU)RU\TPU\book\294808
|
| 090 |
|
|
|a 271607
|
| 100 |
|
|
|a 20141009d1987 d y0rusy50 ca
|
| 101 |
1 |
|
|a tat
|
| 102 |
|
|
|a RU
|
| 105 |
|
|
|a a z 000ab
|
| 200 |
1 |
|
|a Жизнь как песня
|e повесть
|e пер. с татар.
|f Р. А. Мустафин
|
| 210 |
|
|
|a Москва
|c Детская литература
|d 1987
|
| 215 |
|
|
|a 240 с.
|c ил.
|
| 464 |
|
|
|t Стихи
|f М. М. Джалиль
|
| 600 |
|
1 |
|a Джалиль
|b М. М.
|c настоящая фамилия Джалилов
|c татарский поэт
|f 1906-1944
|g Муса Мустафиевич
|2 stltpush
|3 (RuTPU)RU\TPU\pers\29570
|9 14105
|
| 606 |
1 |
|
|a Татарская литература
|2 stltpush
|3 (RuTPU)RU\TPU\subj\58586
|9 76361
|
| 610 |
1 |
|
|a художественная литература
|
| 610 |
1 |
|
|a повести
|
| 610 |
1 |
|
|a стихи
|
| 610 |
1 |
|
|a биографии
|
| 675 |
|
|
|a 894.321
|v 3
|
| 700 |
|
1 |
|a Мустафин
|b Р. А.
|g Рафаэль Ахметович
|
| 801 |
|
1 |
|a RU
|b 63413507
|c 20141009
|
| 801 |
|
2 |
|a RU
|b 63413507
|c 20200521
|g RCR
|
| 942 |
|
|
|c BK
|